[Event "Hamburg-ch U20"]
[Site "Schoenhagen"]
[Date "2009.03.18"]
[Round "8"]
[White "Smolkina, Milana"]
[Black "Schulenberg, Torben"]
[Result "1/2-1/2"]
[WhiteElo "1917"]
[BlackElo "1940"]
[PlyCount "85"]
[EventDate "2009.03.12"]
[EventType "tourn"]
[EventRounds "11"]
[EventCountry "GER"]
[SourceTitle "EXT 2010"]
[Source "ChessBase"]
[SourceDate "2010.11.25"]
[SourceVersion "1"]
[SourceVersionDate "2010.11.25"]
[SourceQuality "1"]

1. e4 e6 2. d4 d5 3. e5 c5 4. c3 Nc6 5. Nf3 Bd7 6. Be2 Nge7 7. Na3 cxd4 8. cxd4 Nf5 9. Nc2 Be7 10. g4 Nh4 11. Nxh4 Bxh4 12. Qd3 a6 13. Bf4 Be7 14. 0-0 Qb6 15. b3 Na5 16. Rac1 Bb5 17. Qd2 Nc6 18. Rfd1 Bxe2 19. Qxe2 Rc8 20. Kh1 Rc7 21. Be3 Qb5 22. Qxb5 axb5 23. Ne1 Kd7 24. Nd3 Ra8 25. Rd2 Ba3 26. Rcc2 Rac8 27. f4 Nb4 28. Nxb4 Bxb4 29. Rxc7+ Rxc7 30. Rg2 Ba3 31. f5 Rc3 32. Rg3 Bb4 33. Bf4 Rxg3 34. Bxg3 Bc3 35. Bf2 Kc6 36. Kg1 Kb6 37. Kf1 Ka5 38. Ke2 Kb4 39. Kd3 Bb2 40. Be1+ Ka3 41. Bf2 Kxa2 42. Kc2 Ka3 43. Be3 1/2-1/2

[Event "Hamburg-ch U20"]
[Site "Schoenhagen"]
[Date "2009.03.14"]
[Round "3"]
[White "Schulenberg, Torben"]
[Black "Moshtael, Wesal"]
[Result "0-1"]
[WhiteElo "1940"]
[BlackElo "2133"]
[PlyCount "92"]
[EventDate "2009.03.12"]
[EventType "tourn"]
[EventRounds "11"]
[EventCountry "GER"]
[SourceTitle "EXT 2010"]
[Source "ChessBase"]
[SourceDate "2010.11.25"]
[SourceVersion "1"]
[SourceVersionDate "2010.11.25"]
[SourceQuality "1"]

1. d4 Nf6 2. c4 g6 3. Nc3 Bg7 4. e4 d6 5. f3 0-0 6. Be3 Nbd7 7. Qd2 c5 8. Nge2 a6 9. 0-0-0 Qa5 10. Kb1 b5 11. dxc5 dxc5 12. Nd5 Nxd5 13. Qxa5 Nxe3 14. Rc1 Nxc4 15. Rxc4 bxc4 16. Nc3 Ne5 17. Be2 Be6 18. Rd1 Rab8 19. f4 Nc6 20. Qa3 Nd4 21. Rd2 Rb4 22. Kc1 Rfb8 23. Kd1 Nxe2 24. Kxe2 Bd4 25. h3 f5 26. e5 g5 27. g3 Kf7 28. Kf1 gxf4 29. gxf4 Be3 30. Re2 Bxf4 31. Nd1 c3 32. bxc3 Rb1 33. Qa4 c4 34. Kf2 Rg8 35. Kf3 Bg3 36. Qc2 Bd5+ 37. Ke3 Be4 38. Qa4 Bxe5 39. Qxc4+ e6 40. Re1 Rg3+ 41. Kf2 Rf3+ 42. Kg1 Rxh3 43. Qa4 Rd3 44. Rf1 Bf6 45. Kh2 Rd2+ 46. Rf2 Rdxd1 0-1